00522 a2200181 450000100060000002000060000604000220001210000310003424000460006524500410011130000060015236200090015844000230016765000370019094200070022795200890023499900170032354450 a  cAnchieta - Pituba aFabiane Mesquita e Shirley10a1ª Língua portuguesa, III unidadelpor10a1ª Língua portuguesa, III unidade a80 a2016 1aColégio Anchieta 4aLínguas espanhola e portuguesa cBK 00104070a91.1b91.1d2023-11-21l0p3823/PITr2023-11-21 18:22:13w2023-11-21yBK c54450d54450